00421nam a2200181Ia 4500003000900000008004100009040001300050040001300063041000800076100002000084245006700104250001300171260002100184260000900205300000800214490001100222490000600233IT-RoPAU120407s9999 xx 000 0 und d aIT-RoPAU cIT-RoPAU aita aGiovanni Roatta aLo Spirito Santo nella Chiesa e nelle anime. Meditazione 2 ed. aPescara  aEdizioni Paoline c1964 c cm aUt in. v1